Xây dựng bản đồ độ ngập sâu trên hệ sinh thái rừng tràm ở khu bảo vệ cảnh quan Trà Sư, Tỉnh An Giang
Đánh giá hiện trạng đất ở rừng tràm Trà Sư, An Giang cũng như phân loại các nhóm đất được phân bố trong từng khu vực.
সংরক্ষণ করুন:
| প্রধান লেখক: | |
|---|---|
| বিন্যাস: | গ্রন্থ |
| ভাষা: | Undetermined |
| প্রকাশিত: |
Cần Thơ
Trường Đại học Cần Thơ
2008
|
| বিষয়গুলি: | |
| ট্যাগগুলো: |
ট্যাগ যুক্ত করুন
কোনো ট্যাগ নেই, প্রথমজন হিসাবে ট্যাগ করুন!
|
| Thư viện lưu trữ: | Trung tâm Học liệu Trường Đại học Cần Thơ |
|---|
| LEADER | 00974nam a2200193Ia 4500 | ||
|---|---|---|---|
| 001 | CTU_165332 | ||
| 008 | 210402s9999 xx 000 0 und d | ||
| 082 | |a 634.9 | ||
| 082 | |b V500 | ||
| 100 | |a Nguyễn, Hoàng Vũ | ||
| 245 | 0 | |a Xây dựng bản đồ độ ngập sâu trên hệ sinh thái rừng tràm ở khu bảo vệ cảnh quan Trà Sư, Tỉnh An Giang | |
| 245 | 0 | |c Nguyễn Hoàng Vũ ; Cán bộ hướng dẫn: Nguyễn Hữu Chiếm | |
| 260 | |a Cần Thơ | ||
| 260 | |b Trường Đại học Cần Thơ | ||
| 260 | |c 2008 | ||
| 520 | |a Đánh giá hiện trạng đất ở rừng tràm Trà Sư, An Giang cũng như phân loại các nhóm đất được phân bố trong từng khu vực. | ||
| 650 | |a Natural resources,Forests and forestry,Tài nguyên thiên nhiên | ||
| 904 | |i dthtrang, Giang | ||
| 980 | |a Trung tâm Học liệu Trường Đại học Cần Thơ | ||